000 00568nam a2200181Ia 4500
008 100917s9999 xx 000 0 und d
082 _b58265
100 _a---
245 _aमुर्गीर्योकी रखवाली
260 _bचित्रशाळा प्रकाशन
_c1937
300 _a92
365 _b2
520 _aहुन्नर
630 _aमुर्गीर्योकी रखवाली
650 _aहुन्नर
730 _aमुर्गीर्योकी रखवाली
942 _cBOOK
999 _c663659
_d663656